000 00524nam a2200169 a 4500
005 20240702063815.0
008 991125s1969 mx 000 0 spa u
035 _aUPN01000003944
049 _aLTG
050 4 _aLB1596
_bM6.4 1969 LM
245 0 0 _aAprender haciendo :
_bmanual del maestro : cuarto grado.
260 _aMéxico :
_bSEP, Comisión Nacional de los Libros de Texto Gratuitos,
_c1969
300 _a253 p. :
_bil. col.
500 _aLibro de texto gratuito
650 4 _aTrabajos manuales
_910048
905 _aLibro
999 _c3944
_d3944